Central Library OPAC University of Rajshahi

Deterministic threshold models in the theory of epidemics / (Record no. 69919)

MARC details
000 -LEADER
fixed length control field 00870nam a2200277 a 4500
001 - CONTROL NUMBER
control field 69919
003 - CONTROL NUMBER IDENTIFIER
rucl marc code BD-RjUL
005 - DATE AND TIME OF LATEST TRANSACTION
control field 20211209081938.0
008 - FIXED-LENGTH DATA ELEMENTS--GENERAL INFORMATION
fixed length control field 170415s1974 gw a b 000 0 eng d
020 ## - INTERNATIONAL STANDARD BOOK NUMBER
International Standard Book Number 3540066527 (NewYork)
International Standard Book Number 0387066527 (Berlin)
035 ## - SYSTEM CONTROL NUMBER
System control number (BD-RjUL)70131
040 ## - CATALOGING SOURCE
Original cataloging agency BD-RjUL
Language of cataloging eng
Transcribing agency BD-RjUL
Modifying agency BD-RjUL
041 ## - LANGUAGE CODE
Language code of text/sound track or separate title eng
082 ## - DEWEY DECIMAL CLASSIFICATION NUMBER
Edition number 23
Classification number 510
Author mark and year WAD 1974
100 1# - MAIN ENTRY--PERSONAL NAME
Personal name Waltman, Paul.
9 (RLIN) 207082
245 10 - TITLE STATEMENT
Title Deterministic threshold models in the theory of epidemics /
Statement of responsibility, etc. Paul Waltman
260 ## - PUBLICATION, DISTRIBUTION, ETC. (IMPRINT)
Place of publication, distribution, etc. Berlin :
Name of publisher, distributor, etc. Springer-Verlag,
Date of publication, distribution, etc. c1974
300 ## - PHYSICAL DESCRIPTION
Pagination 101 p. :
Illustrations ill. ;
Size 25 cm.
490 1# - SERIES STATEMENT
Series statement Lecture notes in biomathematics,
Volume/sequential designation 1
504 ## - BIBLIOGRAPHY, ETC. NOTE
Bibliography, etc Includes bibliographies.
650 #0 - SUBJECT ADDED ENTRY--TOPICAL TERM
Topical term or geographic name as entry element Mathematics.
9 (RLIN) 207083
Topical term or geographic name as entry element Epidemics
General subdivision Mathematical models.
9 (RLIN) 207084
830 #0 - SERIES ADDED ENTRY--UNIFORM TITLE
Uniform title Lecture notes in biomathematics,
Volume number/sequential designation 1
942 ## - ADDED ENTRY ELEMENTS (KOHA)
Source of classification or shelving scheme Dewey Decimal Classification
Koha item type Books
Holdings
Lost status Source of classification or shelving scheme Damaged status Not for loan Collection code Permanent Location Current Location Shelving location Date acquired Source of acquisition Cost, normal purchase price Total Checkouts Full call number Date last seen Copy number Koha item type
  Dewey Decimal Classification   Not For Loan Non-fiction Central Library, University of Rajshahi Central Library, University of Rajshahi Reading Room 30/09/1980 Heffers 4.85   510 WAD 1974 15/04/2017 C-1 Books